1107 1801 1858 1181 1613 1532 1434 1457 1529 1014 1457 1329 1176 1417 1365 1096 1588 1753 1289 1586 1505 1275 1614 1723 1384 1635 1820 1682 1982 1443 1931 1821 1437 1964 1507 1628 1668 1950 1636 1425 1409 1861 1024 1225 1641 1354 1208 1089 1748 1373 1603 1265 1905 1553 1888 1560 1037 1526 1962 1068 1421 1174 1597 1275 1318 1599 1649 1192 1079 1092 1722 1264 1072 1822 1543 1637 1313 1593 1075 1254 1516 1315 1718 1718 1252 1765 1463 1734 1820 1569 1446 1326 1017 1670 1788 1487 1778 1469 1310 BCNSPRNW ULIB Ver.6.0+V

เปลี่ยนเป็นภาษาไทย

Change to English
 แสดงรายละเอียดบรรณานุกรม
  กลับหน้าหลัก

Brief Record : Get Marc (ISO 2709) : E-mail record : QR code < ปิดหน้าต่าง
LEADER : 00000nam 2200000uu 4500
001    13399111224
003     ULIB
008    110620s||||||||th 000 0 tha d
020    9789743283826
050  4 BF637.S8^bอ624ภ 2552
100 0  อานันท์ ชินบุตร
245 10 ภาษาจิตเปลี่ยนชีวิต /^cอานันท์ ชินบุตร
260    กรุงเทพฯ :^bพาวเวอร์ฟูล ไลฟ์,^c2552
300    158 หน้า ;^c21 ซม.
650  7 พลังจิต
945    ^p155^l0^i027725
995    ทศพร
999 ^a ใช้งานได้ทุกระบบ
รายการนี้ยังไม่มีแท็ก
คุณยังไม่ได้ล็อกอิน คุณสามารถมีกิจกรรมร่วมกับเว็บไซต์ได้ แต่ต้องล็อกอินก่อน ::
  ล็อกอิน

รายการสื่อสารสนเทศ

ลำดับที่ ประเภท เลขเรียก/บาร์โค้ด สถานที่ สถานะ
- ไม่พบข้อมูล -

รายการใกล้เคียง
    ผู้แต่ง [อานันท์ ชินบุตร]

    หัวเรื่อง [พลังจิต]

BibComment


ยังไม่เคยถูกคอมเมนท์

คอมเมนท์ทรัพยากรรายการนี้
  คอมเมนท์: ภาษาจิตเปลี่ยนชีว..


 Copyright 2026. Bcnsprnw @Library